• 首页
  • 本馆介绍
  • 公告通知
  • 最新文献
  • 馆藏检索
  • 电子资源
  • 读者导购
  • 参考咨询
  • 我的图书馆
  • 登录
  • 详细信息显示
  • 放入我的书架
  • 预约/预借图书
  • 作者相关作品
  • 分类相关作品
  • 丛书相关作品
  • 出版社相关作品

书目信息

  • 表格格式
  • 工作单格式
  • 卡片格式
题名:
化工过程优化
    
 
作者: 美戴维 M.希梅尔布劳 著 ;任钟旗 , 刘光虎 , 张卫东 译
分册:  
出版信息: 北京   化学工业出版社  2006
页数:
开本: 29cm
丛书名:
单 册:
中图分类: TQ021.8
科图分类:
主题词: 化工过程 , 化工过程:物理化学过程 , 化工过程:物理过程
电子资源:
ISBN: 7-5025-7363-1
000 00869nam0 2200253 450
001 0754114953
005 20070929150154.95
010    @a7-5025-7363-1
100    @a20070929d km y0chiy0120 ea
101 0  @achi
200 1  @a化工过程优化@Ahua gong guo cheng you hua@f[美]戴维 M.希梅尔布劳 著@F[mei]dai wei M.xi mei er bu lao zhu@g张卫东,任钟旗,刘光虎 等译@Gzhang wei dong,ren zhong qi,liu guang hu deng yi
205    @a2版
210    @a北京@c化学工业出版社@d2006
215    @c插图@d29cm
606 0  @a化工过程
606 0  @a化工过程:物理化学过程
606 0  @a化工过程:物理过程
690    @aTQ021.8@v3
701  0 @a美戴维 M.希梅尔布劳@Amei dai wei M.xi mei er bu lao@4著
702  0 @a任钟旗@Aren zhong qi@4译
702  0 @a刘光虎@Aliu guang hu@4译
702  0 @a张卫东@Azhang wei dong@4译
801  0 @aCN@bPFT@c20070929
905    @a213230@dTQ021.8@eh160=2@f1
    
    化工过程优化/[美]戴维 M.希梅尔布劳 著/张卫东,任钟旗,刘光虎 等译.-2版.-北京:化学工业出版社,2006
    插图;29cm
    
    
    ISBN 7-5025-7363-1:
    
●
相关链接 在E读中查询图书 在五车中查询图书 在当当中查询图书 在豆瓣中查询图书


正题名:化工过程优化     索取号:TQ021.8/h160=2         预约/预借

序号 登录号 条形码 馆藏地/架位号 状态 备注
1 6002224   260022246   密集书库-化学系/ [索取号:TQ021.8/h160=2] 在馆    
唐山师范学院图书馆 欢迎您!
大连网信软件有限公司© 版权所有